|
|
|
|
| LEADER |
00000nam a22000007a 4500 |
| 005 |
20190405225839.0 |
| 007 |
cr|||| |||| |
| 008 |
190405s2018 mx |||||s|||| 00||0 spa d |
| 020 |
|
|
|a 978-607-8552-71-9
|
| 035 |
|
|
|a 23014
|
| 040 |
|
|
|a vLex
|
| 090 |
|
|
|c 8566
|d 8566
|
| 100 |
1 |
|
|a Rizo Rivas, Jos ̌Mario
|
| 245 |
1 |
0 |
|a Abrir en caso de emergencia
|h [Recurso electrn̤ico] :
|b Gua̕ para el buen desempeǫ de una organizacin̤ familiar /
|c Jos ̌Mario Rizo Rivas
|
| 256 |
|
|
|a Servicio en ln̕ea
|
| 260 |
|
|
|a Ciudad de Mx̌ico:
|b Instituto Mexicano de Contadores Pb︢licos,
|c 2018
|
| 300 |
|
|
|a 1 recurso electrn̤ico
|
| 500 |
|
|
|a Si bien es cierto que los emprendedores y empresarios poseen un sexto sentido para los negocios, tambiň lo es que la asesora̕ para triunfar en estos es valiosa; por ello este libro, al no ser solo una herramienta o serie de procedimientos, sino ms̀ bien una gua̕ de los procesos necesarios para garantizar al empresario familiar un buen desempeǫ de las partes que sostienen a su organizacin̤, ayudar ̀a sobrellevar la responsabilidad de manejar una empresa familiar. Adems̀ de presentar enfoques de provecho en el r̀ea empresarial y ejercicios, el autor propone reflexionar sobre el valor que se cosecha en las familias empresarias, al salvaguardar sus intereses y los de la organizacin̤, siguiendo consejos como los sugeridos en esta obra. Asimismo, aborda cada tema de manera clara y sencilla para quienes dirigen una empresa familiar y desean convertirla en una organizacin̤ empresarial exitosa. Abrir en caso de emergencia es la gua̕ ideal que emprendedores y empresarios deben consultar para desarrollarse con paso firme y consolidarse en el mundo de los negocios.
|
| 506 |
1 |
|
|a Disponible solo en los productos indicados
|d vLex Global
|d vLex Global (Academic Edition, excluding Law Schools)
|d vLex Global (U.S. Academic Edition, Law Schools)
|d vLex Global (U.S. Academic Edition, excluding Law Schools)
|d vLex Global (Academic Edition, Law Schools)
|
| 650 |
0 |
4 |
|a Derecho Mercantil y de la Empresa
|z Mx̌ico
|
| 740 |
0 |
|
|a vLex Libros (Servicio en ln̕ea)
|
| 856 |
4 |
0 |
|u http://vlex.com/source/abrir-en-caso-de-emergencia-guia-para-el-buen-desempe-o-de-una-organizacion-familiar-23014
|z Acceso restringido
|
| 942 |
|
|
|c BOOK
|
| 999 |
0 |
|
|a Commercial and Company Law
|